| 000 | 00572nam a22002057a 4500 | ||
|---|---|---|---|
| 003 | OSt | ||
| 005 | 20140310182031.0 | ||
| 008 | 130814t xxu||||| |||| 00| 0 eng d | ||
| 020 | _a9781590840077 | ||
| 050 |
_aU 225 _b.W746 2003 |
||
| 082 |
_aHS 355.5 _bW69 2003 |
||
| 100 |
_aWilson, Patrick. _910241 |
||
| 245 |
_aUsing ropes and knots / _cPatrick Wilson. |
||
| 260 |
_aPA : _bMason Crest Publishers, _cc2003. |
||
| 300 |
_a64 p. : _bill. col. ; _c24 cm. |
||
| 440 |
_aElite Forces Survival Guides. _910242 |
||
| 942 |
_2lcc _cHS |
||
| 999 |
_c8565 _d8565 |
||